• 首页
  • 本馆介绍
  • 公告通知
  • 最新文献
  • 馆藏检索
  • 电子资源
  • 读者导购
  • 参考咨询
  • 我的图书馆
  • 登录
  • 详细信息显示
  • 放入我的书架
  • 预约/预借图书
  • 作者相关作品
  • 分类相关作品
  • 丛书相关作品
  • 出版社相关作品

书目信息

  • 表格格式
  • 工作单格式
  • 卡片格式
题名:
如何摆脱心理困惑
    
 
作者: 郑瞻培 , 徐声汉 编著
分册:  
出版信息: 上海   上海教育出版社  1999
页数: 291页
开本: 20cm
丛书名: 自养自疗自救自助保健丛书
单 册:
中图分类: R749.055 , R395.6 , B84
科图分类:
主题词: 精神疗法--基本知识 , 精神疗法 , 心理卫生--基本知识 , 心理卫生 , 心理学
电子资源:
ISBN: 7-5320-6371-2
000 01386oam2 2200349 450
001 1558063624
005 20150125204157.17
010    @a7-5320-6371-2@dCNY14.00
100    @a20001027d1999 em y0chiy0110 ea
101 0  @achi
102    @aCN@b310000
105    @af z 000yy
200 1  @a如何摆脱心理困惑@9ru he bai tuo xin li kun huo@f郑瞻培,徐声汉编著
210    @a上海@c上海教育出版社@d1999
215    @a291页@c图@d20cm
225 2  @a自养自疗自救自助保健丛书
314    @a郑瞻培(1933~),上海市精神卫生中心主任医师,上海第二医科大学教授,上海市 精神疾病司法鉴定专家委员会主任。主编有《实用精神疾病诊疗手册》、《司法精神医学基础》等。
314    @a徐声汉(1930~),上海医科大学教授,上海市精神卫生中心主任医师,中国中西医结合研究会精神疾病专业委员会副主任委员、华东精神医学协作委员会主任委员。参编有《实用内科学》、《家庭医学全书》等。
330    @a本书共分四篇,讲述了有关心理问题进行“自我拯救”的具体方法以及“自我拯救”无效,需要接受医疗帮助时,如何能不失时机。
461  0 @12001 @a自养自疗自救自助保健丛书
606 0  @a精神疗法@x基本知识
606 0  @a精神疗法
606 0  @a心理卫生@x基本知识
606 0  @a心理卫生
606 0  @a心理学
690    @aR749.055@v5
690    @aR395.6@v5
690    @aB84@v4
701  0 @a郑瞻培@9zheng zhan pei@4编著
701  0 @a徐声汉@9xu sheng han@4编著
801  0 @aCN@bTSSF@c20150125
905    @aZUCC@dB84@eJY114
    
    如何摆脱心理困惑/郑瞻培,徐声汉编著.-上海:上海教育出版社,1999
    291页:图;20cm.-(自养自疗自救自助保健丛书)
    
    
    ISBN 7-5320-6371-2:CNY14.00
    本书共分四篇,讲述了有关心理问题进行“自我拯救”的具体方法以及“自我拯救”无效,需要接受医疗帮助时,如何能不失时机。
●
相关链接 在E读中查询图书 在五车中查询图书 在当当中查询图书 在豆瓣中查询图书


正题名:如何摆脱心理困惑     索取号:B84/JY114         预约/预借

序号 登录号 条形码 馆藏地/架位号 状态 备注
1 7855504   278555047   学院路分馆/ [索取号:B84/JY114] 在馆    
2 7857910   278579101   学院路分馆/ [索取号:B84/JY114] 在馆    
唐山师范学院图书馆 欢迎您!
大连网信软件有限公司© 版权所有